[Event "msr26ss"]
[Site "?"]
[Date "2026.03.26"]
[Round "1.19"]
[White "Horvathova, Hana"]
[Black "Chaplinski, Pavel"]
[Result "1-0"]
[BlackElo "1000"]
[WhiteElo "1870"]
[LiveChessVersion "1.4.8"]

1. e4 {[%clk 0:10:01]} e5 {[%clk 0:10:03]} 2. Nf3 {[%clk 0:10:01]} Nc6
{[%clk 0:10:03]} 3. Bb5 {[%clk 0:10:01]} d6 {[%clk 0:10:02]} 4. O-O
{[%clk 0:10:01]} Nf6 {[%clk 0:10:01]} 5. Re1 {[%clk 0:10:00]} Be7
{[%clk 0:09:59]} 6. c3 {[%clk 0:09:58]} O-O {[%clk 0:09:58]} 7. d4
{[%clk 0:09:55]} a6 {[%clk 0:09:52]} 8. Ba4 {[%clk 0:09:56]} h6 {[%clk 0:09:42]}
9. Nbd2 {[%clk 0:09:46]} exd4 {[%clk 0:09:22]} 10. cxd4 {[%clk 0:09:46]} d5
{[%clk 0:09:12]} 11. e5 {[%clk 0:09:23]} Nh7 {[%clk 0:08:30]} 12. Nf1
{[%clk 0:08:43]} Bg4 {[%clk 0:08:13]} 13. h3 {[%clk 0:08:37]} Bxf3
{[%clk 0:08:02]} 14. Qxf3 {[%clk 0:08:35]} Nxd4 {[%clk 0:07:54]} 15. Qd3
{[%clk 0:08:15]} Bc5 {[%clk 0:07:29]} 16. Be3 {[%clk 0:08:03]} Qh4
{[%clk 0:07:16]} 17. Rad1 {[%clk 0:06:53]} Ne6 {[%clk 0:06:26]} 18. Bc2
{[%clk 0:06:41]} Bxe3 {[%clk 0:05:55]} 19. Qxh7# {[%clk 0:06:36]} 1-0

[Event "msr26ss"]
[Site "?"]
[Date "2026.03.26"]
[Round "1.20"]
[White "Gillova, Viktoria"]
[Black "Ondrejcak, Gregor"]
[Result "0-1"]
[BlackElo "1711"]
[WhiteElo "1000"]
[LiveChessVersion "1.4.8"]

1. d4 {[%clk 0:10:00]} Nf6 {[%clk 0:09:58]} 2. Nc3 {[%clk 0:10:00]} e6
{[%clk 0:09:59]} 3. Bf4 {[%clk 0:09:59]} c5 {[%clk 0:09:59]} 4. dxc5
{[%clk 0:09:57]} Bxc5 {[%clk 0:09:59]} 5. Nf3 {[%clk 0:09:55]} O-O
{[%clk 0:09:58]} 6. g4 {[%clk 0:09:51]} Nxg4 {[%clk 0:09:53]} 7. Na4
{[%clk 0:09:41]} Nxf2 {[%clk 0:09:40]} 8. Rg1 {[%clk 0:09:27]} Nxd1
{[%clk 0:09:38]} 9. Kxd1 {[%clk 0:09:20]} Bxg1 {[%clk 0:09:38]} 10. Nxg1
{[%clk 0:09:16]} Nc6 {[%clk 0:09:38]} 11. c4 {[%clk 0:09:10]} Qf6
{[%clk 0:09:38]} 12. Nh3 {[%clk 0:09:00]} b6 {[%clk 0:09:31]} 13. b3
{[%clk 0:08:48]} Qxa1+ {[%clk 0:09:29]} 14. Kd2 {[%clk 0:08:38]} Qxf1
{[%clk 0:09:27]} 15. Be3 {[%clk 0:08:21]} Qxh3 {[%clk 0:09:26]} 16. Bf2
{[%clk 0:08:09]} Qxh2 {[%clk 0:09:24]} 17. Be3 {[%clk 0:07:46]} Nb4
{[%clk 0:09:14]} 18. Nc3 {[%clk 0:07:30]} Qd6+ {[%clk 0:09:13]} 19. Ke1
{[%clk 0:07:24]} Nc2+ {[%clk 0:09:13]} 20. Kf2 {[%clk 0:07:22]} Nxe3
{[%clk 0:09:10]} 21. Kxe3 {[%clk 0:07:16]} Qe5+ {[%clk 0:09:09]} 22. Kd2
{[%clk 0:07:14]} Bb7 {[%clk 0:09:05]} 23. a4 {[%clk 0:07:02]} d5 {[%clk 0:09:02]}
24. e3 {[%clk 0:06:42]} dxc4 {[%clk 0:09:02]} 25. bxc4 {[%clk 0:06:41]} Rfd8+
{[%clk 0:09:01]} 26. Kc2 {[%clk 0:06:39]} Qxe3 {[%clk 0:09:01]} 27. Nd1
{[%clk 0:06:26]} Qd2+ {[%clk 0:08:59]} 28. Kb3 {[%clk 0:06:20]} Qxd1+
{[%clk 0:08:57]} 29. Kb4 {[%clk 0:06:17]} Qb1+ {[%clk 0:08:54]} 30. Kc3
{[%clk 0:06:16]} Rd3# {[%clk 0:08:53]} 0-1

[Event "msr26ss"]
[Site "?"]
[Date "2026.03.26"]
[Round "1.21"]
[White "Sulovec, Tomas"]
[Black "Gay, Lukas"]
[Result "0-1"]
[BlackElo "2064"]
[WhiteElo "1788"]
[LiveChessVersion "1.4.8"]

1. e4 {[%clk 0:10:02]} e5 {[%clk 0:10:03]} 2. Nc3 {[%clk 0:10:01]} Nc6
{[%clk 0:10:05]} 3. f4 {[%clk 0:10:02]} exf4 {[%clk 0:09:51]} 4. Nf3
{[%clk 0:10:02]} g5 {[%clk 0:09:24]} 5. h4 {[%clk 0:09:59]} g4 {[%clk 0:09:17]}
6. Ng1 {[%clk 0:09:53]} h5 {[%clk 0:09:14]} 7. d4 {[%clk 0:09:51]} Bg7
{[%clk 0:08:52]} 8. d5 {[%clk 0:09:32]} Ne5 {[%clk 0:08:54]} 9. Qe2
{[%clk 0:09:13]} Ng6 {[%clk 0:08:46]} 10. Bd2 {[%clk 0:09:07]} d6
{[%clk 0:08:43]} 11. Qf2 {[%clk 0:08:38]} N8e7 {[%clk 0:08:27]} 12. Bxf4
{[%clk 0:08:23]} Nxf4 {[%clk 0:08:28]} 13. Qxf4 {[%clk 0:08:22]} Ng6
{[%clk 0:08:28]} 14. Qf2 {[%clk 0:08:03]} Qf6 {[%clk 0:08:13]} 15. Qg3
{[%clk 0:07:26]} Bd7 {[%clk 0:07:56]} 16. O-O-O {[%clk 0:07:22]} Qf4+
{[%clk 0:07:56]} 17. Qxf4 {[%clk 0:07:19]} Nxf4 {[%clk 0:07:57]} 18. Nge2
{[%clk 0:07:08]} Ng6 {[%clk 0:07:51]} 19. g3 {[%clk 0:07:03]} O-O-O
{[%clk 0:07:51]} 20. Nd4 {[%clk 0:06:51]} Ne5 {[%clk 0:07:31]} 21. Bg2
{[%clk 0:06:42]} Nc4 {[%clk 0:07:09]} 22. Nf5 {[%clk 0:05:49]} Bxf5
{[%clk 0:06:51]} 23. exf5 {[%clk 0:05:41]} Ne3 {[%clk 0:06:52]} 24. Rd2
{[%clk 0:05:15]} Nxf5 {[%clk 0:06:51]} 25. Rf1 {[%clk 0:05:14]} Nd4
{[%clk 0:06:43]} 26. Rxf7 {[%clk 0:04:56]} Bh6 {[%clk 0:06:41]} 27. Ne4
{[%clk 0:04:36]} Bxd2+ {[%clk 0:06:35]} 28. Kxd2 {[%clk 0:04:34]} Rdf8
{[%clk 0:06:35]} 29. Rf6 {[%clk 0:04:10]} Rxf6 {[%clk 0:06:07]} 30. Nxf6
{[%clk 0:04:06]} Rh6 {[%clk 0:06:08]} 31. Ne4 {[%clk 0:04:00]} Nf5
{[%clk 0:06:09]} 32. c3 {[%clk 0:03:48]} Rh8 {[%clk 0:05:58]} 33. Nf6
{[%clk 0:03:43]} Nxg3 {[%clk 0:05:57]} 34. Ne4 {[%clk 0:03:41]} Nxe4+
{[%clk 0:05:57]} 35. Bxe4 {[%clk 0:03:42]} Rg8 {[%clk 0:05:58]} 36. Bg2
{[%clk 0:03:42]} Kd7 {[%clk 0:05:59]} 37. Ke3 {[%clk 0:03:42]} Ke7
{[%clk 0:05:59]} 38. Kf4 {[%clk 0:03:41]} Kf6 {[%clk 0:06:01]} 39. c4
{[%clk 0:03:36]} Re8 {[%clk 0:06:02]} 40. Be4 {[%clk 0:03:31]} a5
{[%clk 0:05:54]} 41. b3 {[%clk 0:03:16]} b6 {[%clk 0:05:55]} 42. a3
{[%clk 0:03:16]} Re7 {[%clk 0:05:56]} 43. a4 {[%clk 0:03:10]} Re8
{[%clk 0:05:58]} 44. Bc2 {[%clk 0:03:05]} Re2 {[%clk 0:05:58]} 45. Be4
{[%clk 0:02:49]} Rb2 {[%clk 0:05:58]} 46. Bd3 {[%clk 0:02:44]} Rxb3
{[%clk 0:05:59]} 47. Be2 {[%clk 0:02:44]} Ra3 {[%clk 0:05:57]} 48. Bd1
{[%clk 0:02:44]} Rh3 {[%clk 0:05:56]} 49. Be2 {[%clk 0:02:43]} Rxh4
{[%clk 0:05:56]} 0-1

[Event "msr26ss"]
[Site "?"]
[Date "2026.03.26"]
[Round "1.22"]
[White "Geletka, Tomas"]
[Black "Smirnov, Vladimir"]
[Result "1-0"]
[BlackElo "1000"]
[WhiteElo "1946"]
[LiveChessVersion "1.4.8"]

1. c4 {[%clk 0:10:01]} g6 {[%clk 0:10:03]} 2. Nc3 {[%clk 0:10:02]} Bg7
{[%clk 0:10:03]} 3. d4 {[%clk 0:10:01]} d6 {[%clk 0:10:04]} 4. Nf3
{[%clk 0:10:00]} Bg4 {[%clk 0:09:49]} 5. e3 {[%clk 0:09:10]} Qd7 {[%clk 0:09:21]}
6. Be2 {[%clk 0:08:59]} c6 {[%clk 0:09:03]} 7. h3 {[%clk 0:08:59]} Bxf3
{[%clk 0:09:02]} 8. Bxf3 {[%clk 0:08:59]} Nf6 {[%clk 0:08:59]} 9. O-O
{[%clk 0:08:56]} d5 {[%clk 0:08:18]} 10. Re1 {[%clk 0:08:09]} O-O
{[%clk 0:08:15]} 11. b3 {[%clk 0:08:02]} Re8 {[%clk 0:07:42]} 12. Bb2
{[%clk 0:07:45]} e5 {[%clk 0:07:16]} 13. dxe5 {[%clk 0:07:39]} Rxe5
{[%clk 0:07:15]} 14. Nxd5 {[%clk 0:06:59]} Nxd5 {[%clk 0:06:45]} 15. Bxe5
{[%clk 0:06:59]} Bxe5 {[%clk 0:06:43]} 16. cxd5 {[%clk 0:06:48]} Bxa1
{[%clk 0:06:39]} 17. dxc6 {[%clk 0:06:04]} Qxd1 {[%clk 0:06:26]} 18. Rxd1
{[%clk 0:05:59]} Nxc6 {[%clk 0:06:23]} 19. Bxc6 {[%clk 0:05:54]} bxc6
{[%clk 0:06:21]} 20. Rxa1 {[%clk 0:05:54]} Rd8 {[%clk 0:06:07]} 21. Rc1
{[%clk 0:05:50]} Rd6 {[%clk 0:06:05]} 22. Kf1 {[%clk 0:05:48]} f5
{[%clk 0:06:04]} 23. Ke2 {[%clk 0:05:47]} Kf7 {[%clk 0:06:06]} 24. Rc4
{[%clk 0:05:42]} Ke6 {[%clk 0:05:52]} 25. Ra4 {[%clk 0:05:43]} h5
{[%clk 0:05:44]} 26. Rxa7 {[%clk 0:05:41]} c5 {[%clk 0:05:40]} 27. Rc7
{[%clk 0:05:34]} Kd5 {[%clk 0:05:03]} 28. f3 {[%clk 0:05:34]} Ra6
{[%clk 0:04:51]} 29. Rd7+ {[%clk 0:05:23]} Ke6 {[%clk 0:04:42]} 30. Rd2
{[%clk 0:05:22]} h4 {[%clk 0:04:15]} 31. Kd3 {[%clk 0:05:19]} Kd5
{[%clk 0:03:57]} 32. Kc3+ {[%clk 0:05:20]} Kc6 {[%clk 0:03:57]} 33. Kc4
{[%clk 0:05:12]} Rb6 {[%clk 0:03:40]} 34. Rd8 {[%clk 0:04:47]} Rb4+
{[%clk 0:03:33]} 35. Kc3 {[%clk 0:04:40]} Rb6 {[%clk 0:03:10]} 36. Rh8
{[%clk 0:04:36]} g5 {[%clk 0:02:39]} 37. Rh6+ {[%clk 0:04:36]} Kb5
{[%clk 0:02:32]} 38. Rxb6+ {[%clk 0:04:31]} Kxb6 {[%clk 0:02:31]} 39. Kc4
{[%clk 0:04:24]} 1-0

[Event "msr26ss"]
[Site "?"]
[Date "2026.03.26"]
[Round "1.23"]
[White "Bernath, Jakub"]
[Black "Lukacin, Simon"]
[Result "0-1"]
[BlackElo "1822"]
[WhiteElo "1000"]
[LiveChessVersion "1.4.8"]

1. e4 {[%clk 0:10:02]} e6 {[%clk 0:10:03]} 2. Nc3 {[%clk 0:10:00]} d5
{[%clk 0:10:02]} 3. exd5 {[%clk 0:10:00]} exd5 {[%clk 0:10:02]} 4. Qe2+
{[%clk 0:10:00]} Be6 {[%clk 0:09:56]} 5. f4 {[%clk 0:09:56]} Be7 {[%clk 0:09:47]}
6. d3 {[%clk 0:09:50]} Nf6 {[%clk 0:09:39]} 7. Nf3 {[%clk 0:09:30]} O-O
{[%clk 0:09:16]} 8. Ne5 {[%clk 0:09:27]} c5 {[%clk 0:08:36]} 9. g4
{[%clk 0:09:18]} Nc6 {[%clk 0:07:10]} 10. g5 {[%clk 0:08:50]} Nd7
{[%clk 0:07:00]} 11. Nxd7 {[%clk 0:08:02]} Qxd7 {[%clk 0:06:59]} 12. Qh5
{[%clk 0:07:43]} Bg4 {[%clk 0:06:17]} 13. Qh4 {[%clk 0:07:43]} Nd4
{[%clk 0:05:12]} 14. Qf2 {[%clk 0:07:20]} Nf3+ {[%clk 0:04:50]} 15. Kd1
{[%clk 0:07:09]} Ng1+ {[%clk 0:04:03]} 16. Ne2 {[%clk 0:06:45]} Nxe2
{[%clk 0:03:57]} 17. Bxe2 {[%clk 0:06:47]} Bxe2+ {[%clk 0:03:55]} 18. Qxe2
{[%clk 0:06:47]} Rac8 {[%clk 0:03:46]} 19. h4 {[%clk 0:06:40]} Rfe8
{[%clk 0:03:44]} 20. Qf3 {[%clk 0:06:33]} Bd6 {[%clk 0:03:33]} 21. h5
{[%clk 0:06:25]} Qe6 {[%clk 0:03:16]} 22. Re1 {[%clk 0:06:15]} Qxe1#
{[%clk 0:03:15]} 0-1

[Event "msr26ss"]
[Site "?"]
[Date "2026.03.26"]
[Round "1.24"]
[White "Hudakova, Nina"]
[Black "Jakubcova, Alzbeta"]
[Result "1-0"]
[BlackElo "1000"]
[WhiteElo "1501"]
[LiveChessVersion "1.4.8"]

1. e4 {[%clk 0:10:02]} c6 {[%clk 0:10:03]} 2. Nc3 {[%clk 0:09:45]} d5
{[%clk 0:10:02]} 3. d4 {[%clk 0:09:18]} e5 {[%clk 0:09:40]} 4. exd5
{[%clk 0:08:37]} cxd5 {[%clk 0:09:20]} 5. Nf3 {[%clk 0:07:49]} Bg4
{[%clk 0:09:17]} 6. Be2 {[%clk 0:07:41]} Nf6 {[%clk 0:09:10]} 7. Nxe5
{[%clk 0:07:33]} Bb4 {[%clk 0:08:40]} 8. Bxg4 {[%clk 0:07:19]} Qe7
{[%clk 0:08:14]} 9. O-O {[%clk 0:07:01]} Bxc3 10. bxc3 {[%clk 0:06:58]} Nc6
{[%clk 0:07:58]} 11. Nxc6 {[%clk 0:06:45]} bxc6 {[%clk 0:07:37]} 12. Re1
{[%clk 0:06:43]} Nxg4 {[%clk 0:06:47]} 13. Rxe7+ {[%clk 0:06:33]} Kxe7
{[%clk 0:06:47]} 14. Qxg4 {[%clk 0:06:31]} Rhe8 {[%clk 0:06:46]} 15. Ba3+ Kf6
{[%clk 0:06:19]} 16. h3 {[%clk 0:05:43]} Re4 {[%clk 0:06:18]} 17. Qf3+
{[%clk 0:05:35]} Kg5 {[%clk 0:06:05]} 18. Qxf7 {[%clk 0:05:16]} Kh6
{[%clk 0:05:47]} 19. Bc1+ {[%clk 0:05:12]} g5 20. Qf6+ {[%clk 0:04:47]} Kh5
{[%clk 0:05:37]} 21. Qxg5# {[%clk 0:04:46]} 1-0